000 00531nmm a2200169Ia 4500
008 251105s9999||||xx |||||||||||||||||und||
020 _a9788499679105
041 _aspa
100 _aAvial Chicharro, Lucía
245 0 _aBreve historia de la vida cotidiana del Imperio Romano :
_b Vida cotidiana 5
264 _a[Madrid, España] :
_bEdiciones Nowtilus,
_c2018
300 _a304 páginas
490 _aBreve historia
650 _aHistory (General)
856 _uhttps://public.digitaliapublishing.com/a/171845
942 _cCF
999 _c93199
_d93199